000 00525nam a2200181Ia 4500
005 20250508150848.0
008 008 250505s9999 xx 000 0 eng d
037 _aTextual
040 _aFEDL
_beng
_cFEDL
041 _aeng
_2eng
084 _a371.42, HAM
_qFEDL
100 _aHamrin S A
_9757850
245 0 _aChats with teachers about counseling
260 _aBloomington
_bMcKnight & McKnight Publishing Company
_c1950
300 _ax,226p.
942 _cTEXL
_h371.42, HAM
999 _c1326159
_d1326159